000 00723cam a22002531 4500
001 sa 68003967
003 DLC
005 20260227112458.0
008 890918s1967 pk b 000 0 urdr
010 _asa 68003967
035 _a(OCoLC)20360675
040 _aDLC
_cWaU
_dDLC
042 _apremarc
043 _aa-ii---
050 0 0 _aDS485.B48
_bM28
100 1 _aMalik, Abdullah,
_d1920-2003.
245 1 0 _aBangālī Musalmānon̲ kī ṣad sālah jahd-i āzādī.
260 _aLahore,
_bMajlis-i Taraqqī-yi Adab
_c[1967]
300 _a483 p.
_c25 cm.
500 _aIn Urdu.
504 _aBibliography: p. 481-483.
650 0 _aMuslims
_zIndia
_zBengal.
651 0 _aIndia
_xPolitics and government
_y1765-1947.
999 _c79882
_d79882